000 01280nam a2200385 i 4500
001 25145
003 KOSZ 005
005 20191002090807.0
008 950505s1995 pl f |000 0 pol d
020 _a8386543752
040 _cKOSZ 005
_aKOSZ 005
_dKOSZ 005/HR
046 _k1995
080 _a658.14/.17
080 _a657
080 _a(07)
100 1 _aWaśniewski, Tadeusz
_d(1928-2003)
_eAutor
245 1 0 _aCash flow w przedsiębiorstwie :
_bustalanie i analiza /
_cTadeusz Waśniewski, Wanda Skoczylas ; Fundacja Rozwoju Rachunkowości w Polsce.
260 _aWarszawa :
_bFRRwP,
_c1995.
300 _a209 s. ;
_c24 cm.
336 _2rdacontent
_aTekst
_btxt
337 _2rdamedia
_aBez urządzenia pośredniczącego
_bn
338 _2rdacarrier
_aWolumin
_bnc
380 _aKsiążki
380 _aPublikacje fachowe
388 _a1901-2000
388 _a1989-2000
504 _aBibliogr. s. 207-209.
658 _aGospodarka, ekonomia, finanse
650 9 _aRachunkowość
650 9 _aFinanse przedsiębiorstwa
655 _aPodręcznik
700 1 _aSkoczylas, Wanda
_d(1950- )
_eAutor
856 _uhttp://koha.tu.koszalin.pl/cgi-bin/koha/opac-detail.pl?biblionumber=25145
_yKatalog online BPK
942 _cKS
_2UKD
999 _c25145
_d25145